000 00544nam a2200205 a 4500
001 63432
003 BD-RjUL
005 20211209081209.0
008 170130s1968 p b 000 0 e
035 _a(BD-RjUL)63561
040 _aDLC
_cDLC
_dBD-RjUL
_beng
041 _aeng
082 _223
_a439.31
_bWAC 1968
100 _aWalschap Gerard
_9188714
245 1 0 _aCelibat /
_c Gerard Walschap
260 _aParis :
_bEditions universitaires,
_cc1968
300 _a141 p. ;
_c24 cm.
650 _aFlemish fiction.
_9187301
942 _2ddc
_cBK
999 _c63432
_d63432